Saltar al contenido
VuFind
Lenguaje
English
Deutsch
Español
Français
Italiano
日本語
Nederlands
Português
Português (Brasil)
中文(简体)
中文(繁體)
Türkçe
עברית
Gaeilge
Cymraeg
Ελληνικά
Català
Euskara
Русский
Čeština
Suomi
Svenska
polski
Dansk
slovenščina
اللغة العربية
বাংলা
Galego
Tiếng Việt
Hrvatski
हिंदी
Todos los Campos
Título
Autor
Materia
Número de Clasificación
ISBN/ISSN
Etiqueta
Buscar
Avanzado
Buscar
Vayu Mandal
Citar
Enviar este por Correo electrónico
Imprimir
Exportar Registro
Exportar a RefWorks
Exportar a EndNoteWeb
Exportar a EndNote
permanent_link
Cargando...
Vayu Mandal
Detalles Bibliográficos
Autor Corporativo:
India
Lenguaje:
English
Existencias
Descripción
Ejemplares similares
Vista Equipo
LEADER
00216nam a22000977a 4500
005
20151028162605.0
008
101203t xxu||||| |||| 00| 0 eng d
110
|a
India
|9
29447
245
|a
Vayu Mandal
942
|c
BK
|6
_
999
|c
82432
|d
82432
Ejemplares similares
Vayu Mandal
Vayu Mandal
Vayu mandal
VAYU MANDAL
Publicado: (1973)
Vayu mahapuranam /
por: Veda Vyasa
Publicado: (2014)
Cargando...